Stratégie implantácie distributéra v maloobchode dizertačná práca

Na minha lista:
Detalhes bibliográficos
Autor principal: Toman, Marian, 1970-
Autor Corporativo: Obchodná fakulta EU. Katedra marketingu
Outros Autores: Kita, Pavol
Formato: Livro
Idioma:eslovaco
Publicado em: Bratislava 2017
Assuntos:
Tags: Adicionar Tag
Sem tags, seja o primeiro a adicionar uma tag!

MARC

LEADER 00000nbm a2200000 4500
001 0230551
005 20230302104109.9
041 0 |a slo 
044 |a SK 
245 1 0 |a Stratégie implantácie distributéra v maloobchode  |b dizertačná práca  |c Marian Toman ; školiteľ: Pavol Kita 
264 1 |a Bratislava  |c 2017 
300 |a 132 s. 
610 2 0 |a distribúcia 
610 2 0 |a maloobchod 
610 2 0 |a marketing 
610 2 0 |a stratégia marketingová 
610 2 0 |a predajne 
610 2 0 |a lokalizácia 
610 2 0 |a spotrebitelia 
100 1 |a Toman, Marian, 1970- 
700 1 |a Kita, Pavol 
710 2 |a Obchodná fakulta EU. Katedra marketingu